Ciudad a provincia - Comunidad Valenciana - Estadísticas

Estadísticas generales
  • Esta prueba ha sido intentada 352 veces
  • La puntuación promedio es 15 de 18
Estadísticas de respuestas
Hint Respuesta % Correcto
Benidorm Alicante / Alacant
95%
Elche / Elx Alicante / Alacant
94%
Torrevieja / Torrevella Alicante / Alacant
91%
Torrente / Torrent Valencia / València
91%
Elda Alicante / Alacant
89%
Villarreal / Vila-real Castellón / Castelló
89%
Paterna Valencia / València
89%
Orihuela / Oriola Alicante / Alacant
87%
Alcira / Alzira Valencia / València
87%
Alcoy / Alcoi Alicante / Alacant
83%
Sagunto / Sagunt Valencia / València
82%
Burriana / Borriana Castellón / Castelló
81%
Gandía / Gandia Valencia / València
80%
Morella Castellón / Castelló
78%
Vall de Uxó / la Vall d'Uixó Castellón / Castelló
76%
San Vicente del Raspeig / Sant Vicent del Raspeig Alicante / Alacant
75%
Novelda Alicante / Alacant
71%
Bocairente / Bocairent Valencia / València
67%
No se encontraron pruebas coincidentes
Distribución de puntuación
Porcentaje de gente con cada puntuación
Porcentaje por número respondido
Historial de tus puntuaciones
No has intentado esta prueba.